Economics / (Record no. 12828)
[ view plain ]
| 000 -LEADER | |
|---|---|
| fixed length control field | 03132cam a22003615i 4500 |
| 001 - CONTROL NUMBER | |
| control field | 14749444 |
| 003 - CONTROL NUMBER IDENTIFIER | |
| control field | EG-ScBUE |
| 005 - DATE AND TIME OF LATEST TRANSACTION | |
| control field | 20191218103143.0 |
| 008 - FIXED-LENGTH DATA ELEMENTS--GENERAL INFORMATION | |
| fixed length control field | 070227s2007 enka f b 001 0 eng d |
| 020 ## - INTERNATIONAL STANDARD BOOK NUMBER | |
| International Standard Book Number | 9780199286416 |
| 035 ## - SYSTEM CONTROL NUMBER | |
| System control number | (OCoLC)ocm85830685 |
| 035 ## - SYSTEM CONTROL NUMBER | |
| System control number | (OCoLC)85830685 |
| 040 ## - CATALOGING SOURCE | |
| Original cataloging agency | DLC |
| Language of cataloging | eng |
| Description conventions | rda |
| Transcribing agency | DLC |
| Modifying agency | YDXCP |
| -- | UKM |
| -- | NLGGC |
| -- | DLC |
| -- | EG-ScBUE |
| 082 04 - DEWEY DECIMAL CLASSIFICATION NUMBER | |
| Classification number | 330 |
| Item number | LIP |
| Edition number | 22 |
| 100 1# - MAIN ENTRY--PERSONAL NAME | |
| Personal name | Lipsey, Richard G., |
| Dates associated with a name | 1928- |
| Relator term | author. |
| 9 (RLIN) | 9041 |
| 245 10 - TITLE STATEMENT | |
| Title | Economics / |
| Statement of responsibility, etc | Richard G.Lipsey & K. Alec Chrystal. |
| 250 ## - EDITION STATEMENT | |
| Edition statement | Eleventh edition. |
| 264 #1 - PUBLICATION, DISTRIBUTION, ETC. (IMPRINT) | |
| Place of publication, distribution, etc | Oxford : |
| Name of publisher, distributor, etc | Oxford University Press, |
| Date of publication, distribution, etc | 2007. |
| 300 ## - PHYSICAL DESCRIPTION | |
| Extent | xix, 665 pages : |
| Other physical details | illustrations (col.), tables, charts ; |
| Dimensions | 26 cm |
| 336 ## - CONTENT TYPE | |
| Content type term | text |
| Content type code | txt |
| Source | rdacontent |
| 337 ## - MEDIA TYPE | |
| Media type term | unmediated |
| Media type code | n |
| Source | rdamedia |
| 338 ## - CARRIER TYPE | |
| Carrier type term | volume |
| Carrier type code | nc |
| Source | rdacarrier |
| 500 ## - GENERAL NOTE | |
| General note | Includes glossary. |
| 504 ## - BIBLIOGRAPHY, ETC. NOTE | |
| Bibliography, etc | Includes bibliographical references and index. |
| 505 0# - FORMATTED CONTENTS NOTE | |
| Formatted contents note | Economic issues and concepts -- How economists work -- Demand, supply, and price -- Elasticity of demand and supply -- Consumer choice : indifference theory -- the cost structure of firms -- Perfect competition -- Monopoly -- Imperfect competition -- Demand and supply of inputs -- The labour market -- Capital, investment, and new technology -- Market failure -- The role of government -- Macroeconomic issues and measurement -- A basic model of the determination of GDP in the short term -- GDP in an open economy with government -- GDP and the price level in the short run -- GDP and the price level in the long run -- Money and monetary institutions -- The role of money in macroeconomics -- The balance of payments and exchange rates -- Macroeconomic policy in an open economy -- Inflation -- unemployment -- Economic growth -- International trade. |
| 520 ## - SUMMARY, ETC. | |
| Summary, etc | The eleventh edition of this successful textbook for Economics majors has been thoroughly updated and revised to give more depth to core principles. Pitched at a level that will stretch readers but still comprehensible for beginners, Economics is explained straightforwardly, whilst maintaining the rigor needed to enable students to progress with their studies. The book features a depth and breadth of topics combined with a balance of technical and applied material. In-depth explanations of theoretical concepts are balanced with a range of real-world examples that help students to understand and apply the concepts they have learned. A supporting and newly expanded Online Resource Centre features supplements for lecturers including an instructor's manual; PowerPoint slides; answers to questions in the text; class exercises; and artwork from the text. Supplements for students include self-assessment multiple-choice questions with feedback; crosswords compiled from key glossary terms; a list of useful websites; maths appendices; past exam papers and additional case studies. |
| 650 #7 - SUBJECT ADDED ENTRY--TOPICAL TERM | |
| Topical term or geographic name as entry element | Economics. |
| Source of heading or term | BUEsh |
| 9 (RLIN) | 9042 |
| 651 ## - SUBJECT ADDED ENTRY--GEOGRAPHIC NAME | |
| Source of heading or term | BUEsh |
| 653 ## - INDEX TERM--UNCONTROLLED | |
| Resource For college | BAEPS, Economics |
| Arrived date list | August2015 |
| 700 1# - ADDED ENTRY--PERSONAL NAME | |
| Personal name | Chrystal, K. Alec, |
| Dates associated with a name | 1946- |
| Relator term | author. |
| 9 (RLIN) | 9043 |
| 856 41 - ELECTRONIC LOCATION AND ACCESS | |
| Materials specified | Table of contents only |
| Uniform Resource Identifier | <a href="http://www.loc.gov/catdir/toc/ecip0712/2007008455.html">http://www.loc.gov/catdir/toc/ecip0712/2007008455.html</a> |
| 942 ## - ADDED ENTRY ELEMENTS (KOHA) | |
| Source of classification or shelving scheme | Dewey Decimal Classification |
| Koha item type | Book - Borrowing |
| Withdrawn status | Lost status | Source of classification or shelving scheme | Damaged status | Not for loan | Collection code | Home library | Current library | Shelving location | Date acquired | Source of acquisition | Total Checkouts | Full call number | Barcode | Date last seen | Date checked out | Price effective from | Koha item type | Total Renewals | Materials specified (bound volume or other part) | Cost, normal purchase price | Cost, replacement price |
|---|---|---|---|---|---|---|---|---|---|---|---|---|---|---|---|---|---|---|---|---|---|
| Dewey Decimal Classification | Baccah | Central Library | Central Library | First floor | 21/10/2009 | 9 | 330 LIP | 000018476 | 15/07/2025 | 14/09/2010 | 21/10/2009 | NB - Book (Non borrowing) | |||||||||
| Dewey Decimal Classification | Baccah | Central Library | Central Library | First floor | 04/11/2009 | 25 | 330 LIP | 000018833 | 15/07/2025 | 25/09/2017 | 04/11/2009 | Book - Borrowing | 36 | ||||||||
| Dewey Decimal Classification | Baccah | Central Library | Central Library | First floor | 22/09/2010 | 5 | 330 LIP | 000021532 | 15/07/2025 | 17/09/2013 | 22/09/2010 | Book - Borrowing | 11 | ||||||||
| Dewey Decimal Classification | Baccah | Central Library | Central Library | First floor | 22/09/2010 | 23 | 330 LIP | 000021530 | 15/07/2025 | 22/09/2018 | 22/09/2010 | Book - Borrowing | 83 | ||||||||
| Dewey Decimal Classification | Baccah | Central Library | Central Library | First floor | 22/09/2010 | 27 | 330 LIP | 000021529 | 15/07/2025 | 22/09/2018 | 22/09/2010 | Book - Borrowing | 35 | ||||||||
| Dewey Decimal Classification | Baccah | Central Library | Central Library | First floor | 22/09/2010 | 18 | 330 LIP | 000021528 | 15/07/2025 | 01/12/2016 | 22/09/2010 | Book - Borrowing | 31 | ||||||||
| Lost & Replaced | Dewey Decimal Classification | Baccah | Central Library | Central Library | First floor | 22/09/2010 | Purchase | 10 | 330 LIP | 000021527 | 18/07/2019 | 31/10/2013 | 22/09/2010 | Book - Borrowing | 30 | ||||||
| Lost | Dewey Decimal Classification | Baccah | Central Library | Central Library | First floor | 22/09/2010 | 3 | 330 LIP | 000021526 | 23/06/2013 | 16/02/2012 | 22/09/2010 | Book - Borrowing | 28 | Lost In Inventory_2015-8-23 | ||||||
| Dewey Decimal Classification | Baccah | Central Library | Central Library | First floor | 22/09/2010 | 2 | 330 LIP | 000021525 | 15/07/2025 | 22/08/2013 | 22/09/2010 | Book - Borrowing | 7 | ||||||||
| Dewey Decimal Classification | Baccah | Central Library | Central Library | First floor | 27/10/2010 | 5 | 330 LIP | 000021797 | 15/07/2025 | 22/09/2018 | 27/10/2010 | Book - Borrowing | 6 | 160.00 | 200.00 | ||||||
| Dewey Decimal Classification | Central Library | Central Library | First floor | 13/03/2018 | 1 | 330 LIP | 000047390 | 15/07/2025 | 22/07/2019 | 13/03/2018 | Book - Borrowing | ||||||||||
| Dewey Decimal Classification | unknown | Central Library | Central Library | First floor | 18/12/2019 | Purchase | 330 LIP | 000046737 | 15/07/2025 | 18/12/2019 | Book - Borrowing |